BIBLIOTECA “JULIO CORTÁZAR”
ESCUELA AGROTÉCNICA “LIBERTADOR GENERAL SAN MARTÍN” - UNR – CASILDA

Logo Escuela Logo UNR

Programa de riego y transformación productiva : (Record no. 78)

MARC details
000 -LEADER
campo de control de longitud fija 00801nam#a22002655a#4500
001 - NÚMERO DE CONTROL
campo de control 78
008 - DATOS DE LONGITUD FIJA--INFORMACIÓN GENERAL
campo de control de longitud fija 051017s20111987ag#ao##f######|01#0#spa#d
020 ## - NÚMERO INTERNACIONAL ESTÁNDAR DEL LIBRO
Número Internacional Estándar del Libro 9789872560416
080 ## - NÚMERO DE LA CLASIFICACIÓN DECIMAL UNIVERSAL
Número de la Clasificación Decimal Universal 351.79
084 ## - OTRO NÚMERO DE CLASIFICACIÓN
Fuente del número M61
040 ## - FUENTE DE CATALOGACIÓN
Centro catalogador/agencia de origen AR-ClEAG
Centro/agencia transcriptor AR-ClEAG
005 - FECHA Y HORA DE LA ÚLTIMA TRANSACCIÓN
campo de control 20241107184624.0
003 - IDENTIFICADOR DE NÚMERO DE CONTROL
campo de control AR-ClEAG
110 2# - ENTRADA PRINCIPAL--NOMBRE DE ENTIDAD CORPORATIVA
Nombre de entidad corporativa o nombre de jurisdicción como elemento de entrada Ministerio de Agricultura Ganadería Y Pesca.
245 10 - MENCIÓN DEL TÍTULO
Título Programa de riego y transformación productiva :
Resto del título Evaluación de impacto /
Mención de responsabilidad, etc. Ministerio de Agricultura Ganadería Y Pesca.
250 ## - MENCION DE EDICION
Mención de edición 1ª ed. 1ª reimp.
260 ## - PUBLICACIÓN, DISTRIBUCIÓN, ETC.
Lugar de publicación, distribución, etc. Buenos Aires :
Nombre del editor, distribuidor, etc. PROSAP,
Fecha de publicación, distribución, etc. 2011.
300 ## - DESCRIPCIÓN FÍSICA
Extensión 240 p. :
Otras características físicas fot., graf., il. ;
Dimensiones 27 cm.
500 ## - NOTA GENERAL
Nota general Incluye índice de tablas, gráficos y figuras.
653 ## - TÉRMINO DE INDIZACIÓN--NO CONTROLADO
Término no controlado Políticas públicas
653 ## - TÉRMINO DE INDIZACIÓN--NO CONTROLADO
Término no controlado Riego
653 ## - TÉRMINO DE INDIZACIÓN--NO CONTROLADO
Término no controlado Aguas
653 ## - TÉRMINO DE INDIZACIÓN--NO CONTROLADO
Término no controlado Acuíferos
942 ## - ELEMENTOS DE ENTRADA SECUNDARIOS (KOHA)
Tipo de ítem Koha Libros
980 ## - EQUIVALENCIA O REFERENCIA-CRUZADA-MENCIÓN DE SERIE--NOMBRE DE PERSONA/TÍTULO [LOCAL, CANADÁ]
Enlace 2
Nombre de persona Evangelina Gallicchio
Enlace entre campo y número de secuencia 2
Información miscelánea Evangelina Gallicchio
Holdings
Estatus retirado Estado de pérdida Fuente del sistema de clasificación o colocación Estado de daño No para préstamo Biblioteca de origen Biblioteca actual Ubicación en estantería Fecha de adquisición Número de inventario Total de préstamos Signatura topográfica completa Código de barras Visto por última vez Precio de reemplazo Tipo de ítem Koha
    Clasificación decimal universal     Julio Cortázar Julio Cortázar   07/11/2024 3213   R8 351.79 M61 1 1 Ej.1 3213 07/11/2024 07/11/2024 Libros

Contacto

Biblioteca Julio Cortázar. Escuela Agrotécnica "Libertador San Martín". Universidad Nacional de Rosario
Dirección: Ov. Lagos 1000 - 2170 Casilda - Santa Fe - Argentina
Tel: (54) (03464) 422226.
Fax: (54) (03464) 427789.
E-Mail: biblio-eac@unr.edu.ar